000 00649nam a22001815i 4500
001 158132
003 ES-MaACL
005 20230906211029.0
008 990301s1861 sp a |||| | spa d
100 1 _aLosáñez, José.
_9129091
245 1 3 _aEl Alcázar de Segovia :
_bobra dedicada al Cuerpo Nacional de Artillería /
_cpor José Losáñez.
260 _aSegovia :
_b[s.n.],
_c1861 (
_fImp. de Pedro Ondero)
300 _a301 p., [6] h. de lám. ;
_c16 cm.
610 2 4 _aAlcazar de Segovia.
_9144546
651 4 _aSegovia-
_xEdificios, estructuras, etc.
_9144548
752 _aEspaña -
_dSegovia
852 4 _aES-MaACL
_jG-11155
_z- Enc. hol.
999 _c158132
_d158132